000 00217nam a22000857a 4500
008 170131b xxu||||| |||| 00| 0 eng d
100 _92698
_aErna Voigt
245 _aPeter and Der Wolf
260 _aVerlog
_bAnne He Betz
_c2003
999 _c5859
_d5859